000 00472nam a2200181Ia 4500
001 16122
005 20260306170246.0
008 260306t2015||||xx |||||||||||||| ||und||
041 _aESP
082 _a346.61
_bT78 T. 3
100 _aCores, Carlos de
_eAUT
245 0 _aTratado jurisprudencial y doctrinario:
_bincumplimiento de contrato
260 _c2015
300 _axvi, 1052 páginas :
_c25 cm.
650 _aGEN
654 _aCDE
942 _cLIB
_dJUS
_fJUS
_2ddc
_n
999 _c16122
_d16122